| 000 | 00872nam a2200265 a 4500 | ||
|---|---|---|---|
| 001 | 78044 | ||
| 003 | BD-RjUL | ||
| 005 | 20211209083100.0 | ||
| 008 | 210310s2020 nyu||||| |||| 00| 0 eng d | ||
| 020 | _a 9780367472429 | ||
| 035 | _a(BD-RjUL) | ||
| 040 |
_aBD-RjUL _beng _cBD-RjUL |
||
| 041 | _aeng | ||
| 082 |
_223 _a351 _bMAN 2020 |
||
| 245 | 0 | 0 |
_aManaging change for better public service delivery / _cEdited by M Aslam Alam, Quamrul Alam, Rizwan Khair, Mohammad Rezaul Karim |
| 260 |
_aRoutledge : _bTaylor & Francis Ltd. _c2020 |
||
| 300 |
_a316 pages, _bill.; _c22 cm. |
||
| 650 |
_aPublic administration _9245827 |
||
| 650 |
_aPublic administration _xCitizen participation _9245828 |
||
| 700 |
_aAlam, M. Aslam _9245829 |
||
| 700 |
_aAlam, Quamrul _9245830 |
||
| 700 |
_aKhair, Rizwan _9245831 |
||
| 700 |
_aKarim, Mohammad Rezaul _9245832 |
||
| 942 |
_2ddc _cBK |
||
| 999 |
_c78044 _d78044 |
||